| 000 | 00363nam a2200133Ia 4500 | ||
|---|---|---|---|
| 008 | 210430s9999 xx 000 0 und d | ||
| 020 | _a981-243-513-1 | ||
| 082 | _a539.7 | ||
| 100 | _aDouglas A.Skoog | ||
| 245 |
_aFundamental of Analytical Chemistry 8th edition _cDouglas A.Skoog |
||
| 260 |
_aAustralia _bThomson _c2005 |
||
| 300 | _a1051 p | ||
| 942 |
_cBK _2ddc |
||
| 999 |
_c562421 _d562421 |
||